000 00404nam a22001697a 4500
003 MPLRDC
005 20220104123552.0
008 210129b ||||| |||| 00| 0 eng d
082 _a548.171 QYB
100 _a曲彦斌
245 _a中国乞丐史
_c
250 _a一版一刷
260 _a
_b上海文艺出版社
_c1990
300 _b
650 _a乞丐--中国
942 _cBK
_o548.171 QYB
999 _c12450
_d12440